| 000 | 00381nam a2200145Ia 4500 | ||
|---|---|---|---|
| 008 | 200103s9999||||xx |||||||||||||| ||und|| | ||
| 020 | _a9780333468043 | ||
| 040 | _aIMU-MPC | ||
| 082 | _aColumn-18 | ||
| 100 | _aBlundell, B.G. and Daskalakis, C.N. | ||
| 245 | 0 | _aUsing and administrering an Apollo Network | |
| 260 |
_bMacmillan, London _c1988 |
||
| 300 | _axxi, 270 | ||
| 942 | _cBK | ||
| 999 |
_c6363 _d6363 |
||